Chiến lược đánh bại người khổng lồ : Thành công dưới bóng các đại gia bán lẻ

Cuốn sách giúp cho độc giả có cách nhìn mới mẻ khác và thành công dưới bóng các đại gia bán lẻ. Không những thế, cuốn sách còn đưa ra thông điệp rất rõ ràng: Muốn tồn tại và thành công, đừng bắt chước để thành một Wal - Mart thứ hai, th...

Deskribapen osoa

Gorde:
Xehetasun bibliografikoak
Egile nagusia: Taylor, Don
Beste egile batzuk: Archer, Jeanne Smalling, Nguyễn Tiến Dũng (Dịch), Nguyễn Thị Giang Nam (Dịch)
Formatua: Liburua
Hizkuntza:Vietnamese
Argitaratua: H. Dân Trí 2018
Edizioa:Tái bản
Gaiak:
Etiketak: Etiketa erantsi
Etiketarik gabe, Izan zaitez lehena erregistro honi etiketa jartzen!
Thư viện lưu trữ: Thư viện Trường Đại học Nam Cần Thơ
LEADER 01580nam a22002417a 4500
001 NCT_78106
008 200417b xxu||||| |||| 00| 0 vie d
999 |c 3808  |d 3808 
020 |a 9786048869984  |c 119000 
082 0 4 |2 23rd ed.  |a 658.8  |b T238 
100 1 |a Taylor, Don 
245 1 0 |a Chiến lược đánh bại người khổng lồ :  |b Thành công dưới bóng các đại gia bán lẻ  |c Don Taylor, Jeanne Smalling Archer; Nguyễn Tiến Dũng, Nguyễn Thị Giang Nam (Dịch) 
250 |a Tái bản 
260 |a H.  |b Dân Trí  |c 2018 
300 |a 406 tr.  |c 21cm 
520 3 |a Cuốn sách giúp cho độc giả có cách nhìn mới mẻ khác và thành công dưới bóng các đại gia bán lẻ. Không những thế, cuốn sách còn đưa ra thông điệp rất rõ ràng: Muốn tồn tại và thành công, đừng bắt chước để thành một Wal - Mart thứ hai, thứ mà phải đánh giá và rút ra được bài học từ chính những người khổng lồ Phố lớn như Wal - Wart, Home Depot, SearsHoldings. 
653 |a Quản trị kinh doanh 
700 1 |a Archer, Jeanne Smalling  
700 1 |a Nguyễn Tiến Dũng  |e Dịch 
700 1 |a Nguyễn Thị Giang Nam  |e Dịch 
942 |2 ddc  |c BK 
952 |0 0  |1 0  |2 ddc  |4 0  |6 658_800000000000000_T238  |7 0  |9 19357  |a 000001  |b 000001  |d 2020-04-17  |o 658.8 T238  |p MD.16899  |r 2020-04-17  |v 119000.00  |w 2020-04-17  |y BK 
980 |a Thư viện Trường Đại học Nam Cần Thơ